000 00302nam a2200121 i 4500
001 bg
245 0 _aZastosowanie metod statystycznych w doświadczalnictwie melioracyjnym.
260 _aSzczecin,
_c1973.
040 _cBPK
041 _apol
942 _cKS
008 s pl f |000 0 pol
999 _c26109
_d26109
856 _uhttp://koha.tu.koszalin.pl/cgi-bin/koha/opac-detail.pl?biblionumber=26109
_yKatalog online BPK